000 00385 a2200157 4500
001 148689
040 _cEscola São Tomás de Aquino
100 _aBANDEIRA, Pedro
240 1 0 _aA menor fazedora de mágicas do mundo
_lpor
245 1 0 _aA menor fazedora de mágicas do mundo
300 _a23
362 0 _a2009
440 1 _aModerna
697 _a*LITERATURA INFANTO
942 _cBK
999 _c148689
_d148689